|
|
|
|
| LEADER |
00000nam a22000007ic4500 |
| 001 |
IT\ICCU\VIA\0378522 |
| 003 |
ItRI |
| 005 |
20260119141333.0 |
| 008 |
190803s2018 it |||||| |||||1|||||c |
| 020 |
|
|
|a 9788832754919
|
| 040 |
|
|
|b ita
|c Comunitas
|
| 041 |
|
7 |
|a ita
|2 ISO-639-2
|
| 245 |
0 |
0 |
|a Oltre le onde.
|c Yukhi Kamatani.
|
| 260 |
|
|
|a Milano :
|b J-Pop,
|c [2018]
|
| 300 |
|
|
|a 1 volume (senza paginazione) :
|b fumetti ;
|c 18 cm
|
| 500 |
|
|
|a Data di pubblicazione desunta da catalogo editoriale online
|
| 773 |
0 |
|
|w IT\ICCU\UBO\4332423
|t Oltre le onde
|g 2
|a Kamatani, Yuhki
|0 IT\ICCU\MILV\342090
|
| 942 |
|
|
|2 ddc
|c BK
|
| 952 |
|
|
|0 0
|1 0
|2 ddc
|4 0
|6 741_500000000000000_KAM_OLT2
|7 0
|9 4283
|a AN
|b AN
|d 2025-05-18
|l 1
|o 741.5 KAM OLT2
|p 11451
|r 2026-02-24 10:41:35
|s 2026-02-23
|w 2025-05-18
|y BK
|
| 952 |
|
|
|0 0
|1 0
|4 0
|6 F_741_595000000000000_KAM
|7 0
|9 19622
|a BO
|b BO
|d 2026-01-15
|i 20461
|l 0
|o F 741.595 KAM
|p BO20461
|r 2026-01-15 23:20:57
|w 2026-01-15
|x [Sebina 5] [v. 1-4]
|y BK
|z 1 v.
|
| 981 |
|
1 |
|6 z01
|a i
|b xxxe
|
| 982 |
|
1 |
|6 z01
|a n
|
| 999 |
|
|
|c 3291
|d 3291
|